Por otra comunicación : los media, globalización cultural y poder /
Se reúne un extenso repertorio de autores que desarrollan reflexiones sobre los efectos, las implicaciones y las perspectivas de la globalización comunicacional y cultural. Se aborda el esfuerzo colectivo para analizar las reconfiguraciones de los medios y modos de producción, difusión, intercambio...
保存先:
| 第一著者: | |
|---|---|
| フォーマット: | 図書 |
| 言語: | スペイン語 |
| 出版事項: |
Barcelona, España :
Icaria : Intermón Oxfam,
2005, c2005
|
| シリーズ: | (Encuentro Icaria ;
14) |
| 主題: | |
| タグ: |
タグなし, このレコードへの初めてのタグを付けませんか!
|
MARC
| LEADER | 00000nam^a2200000^a^4500 | ||
|---|---|---|---|
| 001 | 000186987 | ||
| 005 | 20250521000000.0 | ||
| 009 | 20260310102244.127 | ||
| 020 | |a 84-7426-799-4 | ||
| 037 | |a Acervo ITESO - Biblioteca | ||
| 041 | |a ESP | ||
| 082 | |a 302. 23701 |b MOR | ||
| 100 | |a Moraes, Dênis de |e (autor) | ||
| 245 | 1 | 0 | |a Por otra comunicación : |b los media, globalización cultural y poder / |c Coord. de D. de Moraes ; tr. por Pere Comellas Casanova. |
| 264 | 4 | |a Barcelona, España : |b Icaria : |b Intermón Oxfam, |c 2005, c2005 | |
| 300 | |a 335 p. | ||
| 336 | |a texto |b txt |2 rdacontenido | ||
| 337 | |a sin mediación |b n |2 rdamedio | ||
| 338 | |a volumen |b nc |2 rdasoporte | ||
| 440 | 1 | |a (Encuentro Icaria ; |v 14) | |
| 500 | |a Traducción de: Por uma outra comunicação | ||
| 520 | |a Se reúne un extenso repertorio de autores que desarrollan reflexiones sobre los efectos, las implicaciones y las perspectivas de la globalización comunicacional y cultural. Se aborda el esfuerzo colectivo para analizar las reconfiguraciones de los medios y modos de producción, difusión, intercambio de datos, ideas, sonidos e imágenes en un mercado global. | ||
| 649 | |a XX | ||
| 650 | |a Internet - |x Aspectos Sociales y Culturales | ||
| 650 | |a Tecnologías de Comunicación e Información - |x Aspectos Sociales y Culturales | ||
| 650 | |a Industria Cultural | ||
| 650 | |a Tecnologías de Comunicación e Información - |x Aspectos Sociales y Culturales | ||
| 650 | |a Sociología de la Comunicación | ||
| 650 | |a Globalización | ||
| 650 | |a Comunicación | ||
| 910 | |a Fondo General | ||
| 920 | |a Impresos - Libros | ||
| 930 | |a Colección General | ||
| 905 | |a 101 | ||
| 901 | |a 0500129017 |b IT1 |c ACC |u 20250521 | ||
| 902 | |a https://opac.biblio.iteso.mx/vufind/Record/000186987 | ||